Music Quiz

Random Music Quiz

Songs on Switchfoot's Beautiful Letdown Quiz Stats

 Plays Quiz not verified by Sporcle

Score 0/11 Timer 05:00
0 Plays Today
Track Song % Correct
1Meant to Live
97.5%
7The Beautiful Letdown
93.8%
5Dare You to Move
90.1%
11Twenty-Four
87.7%
8Gone
85.2%
4Ammunition
80.2%
9On Fire
79%
10Adding to the Noise
77.8%
2This is Your Life
76.5%
3More Than Fine
72.8%
6Redemption
65.4%

You're not logged in!

Compare scores with friends on all Sporcle quizzes.
OR
Log In

Show Comments

Extras

Created Nov 17, 2010ReportNominate
Tags:switchfoot

Top Quizzes Today


Score Distribution

Your Account Isn't Verified!

In order to create a playlist on Sporcle, you need to verify the email address you used during registration. Go to your Sporcle Settings to finish the process.

Report this User

Report this user for behavior that violates our Community Guidelines.

Details: